Normal view MARC view
  • Great Britain

Entry Geographic Name

Number of records used in: 1

001 - CONTROL NUMBER

  • control field: 98439

003 - CONTROL NUMBER IDENTIFIER

  • control field: NUST

005 - DATE AND TIME OF LATEST TRANSACTION

  • control field: 20220823193708.0

008 - FIXED-LENGTH DATA ELEMENTS

  • fixed length control field: 220823|| aca||aabn | a|a d

040 ## - CATALOGING SOURCE

  • Original cataloging agency: NUST
  • Transcribing agency: NUST

151 ## - HEADING--GEOGRAPHIC NAME

  • Geographic name: Great Britain
  • General subdivision: Social conditions
  • Chronological subdivision: 21st century
  • Form subdivision: Fiction

670 ## - SOURCE DATA FOUND

  • Source citation: Work cat.: (NUST)0: Booth, Naomi, author. 98435, Exit management
© 2023 Central Library, National University of Sciences and Technology. All Rights Reserved.